Путешествие Черного Жака: Роман

Dettagli Bibliografici
Autore principale: Егоров А. И. Андрей Игоревич
Lingua:russo
Pubblicazione: Москва, Армада, 2002
Serie:Фантастический боевик
Soggetti:
Natura: MixedMaterials Libro
KOHA link:https://koha.lib.tpu.ru/cgi-bin/koha/opac-detail.pl?biblionumber=56743

MARC

LEADER 00000nam0a2200000 4500
001 56743
005 20231031053725.0
010 |a 5935562227 
035 |a (RuTPU)RU\TPU\book\59600 
090 |a 56743 
100 |a 20031009d2002 m y0rusy50 ca 
101 0 |a rus 
102 |a RU 
105 |a y z 000ay 
200 1 |a Путешествие Черного Жака  |e Роман  |f А. И. Егоров 
210 |a Москва  |c Армада  |c Альфа-книга  |d 2002 
215 |a 444 с. 
225 1 |a Фантастический боевик 
610 1 |a русская литература 
610 1 |a фантастика 
610 1 |a боевики 
610 1 |a романы 
675 |a Р2  |v 3 
700 1 |a Егоров  |b А. И.  |g Андрей Игоревич 
801 1 |a RU  |b 63413507  |c 20031009  |g PSBO 
801 2 |a RU  |b 63413507  |c 20031028  |g PSBO 
942 |c BK